000 00459nas a2200181 a 4500
001 67576
003 140729
005 20201118110438.0
008 ||||||n9999 ||| || ||
041 _aspa
245 0 _aCien Dias - Vol.10 No.44
260 _aBogotá :
_bCentro de Investigación y Educación Popular-CINEP,
_c1999.
562 _e2
650 _aANALISIS DE COYUNTURA
650 _aCOLOMBIA
773 _018188
_aCien Dias :
942 _cSISS
999 _c67576
_d67576